| 000 | 00487nam a2200169Ia 4500 | ||
|---|---|---|---|
| 008 | 230718s9999 xx 000 0 und d | ||
| 020 | _a9788120342590 | ||
| 041 | _aeng | ||
| 082 |
_a005.3684 _bWIN |
||
| 100 |
_aWinston W.L. _9115451 |
||
| 245 |
_aMicrosoft Excel 2010 _bData Analysis And Business Modelling |
||
| 260 |
_c2010 _bPHI Learning |
||
| 300 | _a700 | ||
| 365 |
_cRs. _b550.00 |
||
| 700 |
_aWinston W.L. _9115451 |
||
| 906 |
_dO:0175706-Jun-2011B:794104-May-2011 _cCOMP _b137.5 |
||
| 999 |
_c327843 _d327843 |
||